000 00993nas a2200313 4500
001 BR2013001452
003 BR-BrBNA
005 20231205121946.0
007 ta
008 230509b bl.|||p| |||| 00| 00por d
040 _aBR-BrBNA
_bpor
_cBiblioteca Nacional de Agricultura
041 _a(Pt)
072 _aF30
100 1 _aDutra Filho, J.A.
100 1 _aResende, L.V.
100 1 _aBastos, G.Q.
100 1 _aSimões Neto, D.E.
100 1 _aMachado, P.R.
245 1 _aUtilização de marcadores moleculares RAPD e EST`s SSR para estudo da variabilidade genética em cana-de-açúcar
650 _aCANA DE AÇÚCAR
650 _aCLONE
650 _aMARCADOR MOLECULAR
650 _aVARIAÇÃO GENÉTICA
650 _aMELHORAMENTO GENÉTICO VEGETAL
650 _aHIBRIDAÇÃO
773 0 _tRevista Ciência Agronômica (Brazil)
_xISSN 0045-6888
_g(jan-mar 2013), v. 44(1) p. 141-149
_wBR2013001452
909 _a202311
_bLúcia
_c55
_dLúcia Elande
942 _2AGRIS
_n0
_cANA
999 _c226145
_d226145